Santa Teresa (Record no. 75149)
[ view plain ]
| 000 -LEADER | |
|---|---|
| campo de control de longitud fija | 00792nam a2200193 i 4500 |
| 001 - NÚMERO DE CONTROL | |
| campo de control | 75149 |
| 003 - IDENTIFICADOR DE NÚMERO DE CONTROL | |
| campo de control | ES-MaACL |
| 005 - FECHA Y HORA DE LA ÚLTIMA TRANSACCIÓN | |
| campo de control | 20251009063053.0 |
| 007 - CAMPO FIJO DE DESCRIPCIÓN FÍSICA--INFORMACIÓN GENERAL | |
| campo de control de longitud fija | t| |
| 008 - DATOS DE LONGITUD FIJA--INFORMACIÓN GENERAL | |
| campo de control de longitud fija | 040922s1927 sp ||||1| spa d |
| 100 1# - ENTRADA PRINCIPAL--NOMBRE DE PERSONA | |
| Nombre de persona | Cunninghame Graham, Gabriela, |
| Fechas asociadas al nombre | 1861-1906 |
| 9 (RLIN) | 152422 |
| 245 10 - MENCIÓN DEL TÍTULO | |
| Título | Santa Teresa |
| Resto del título | : contiene la relación de su vida y su época con algunas páginas de la historia de la última gran reforma de las órdenes religiosas / |
| Mención de responsabilidad, etc. | Gabriela Cunninghame Graham ; versión castellana por Isabel Alonso. |
| 260 ## - PUBLICACIÓN, DISTRIBUCIÓN, ETC. | |
| Lugar de publicación, distribución, etc. | Madrid : |
| Nombre del editor, distribuidor, etc. | Revista de Occidente, |
| Fecha de publicación, distribución, etc. | 1927 ( |
| Fabricante | G. Hernández y Galo Sáez) |
| 300 ## - DESCRIPCIÓN FÍSICA | |
| Extensión | 787 p., ; |
| Dimensiones | 26 cm. |
| 600 00 - PUNTO DE ACCESO ADICIONAL DE MATERIA--NOMBRE DE PERSONA | |
| Nombre de persona | Teresa de Jesús, |
| Títulos y otros términos asociados al nombre | Santa, |
| Fechas asociadas al nombre | 1515-1582 |
| 9 (RLIN) | 226510 |
| 700 1# - ENTRADA AGREGADA--NOMBRE PERSONAL | |
| Nombre de persona | Alonso, Isabel. |
| 9 (RLIN) | 20206 |
| 852 ## - LOCALIZACIÓN | |
| Ubicación | ES-MaACL |
| Número de control de estantería | A-3781 |
| Estatus retirado | Estado de pérdida | Estado de daño | No para préstamo | Biblioteca de origen | Biblioteca actual | Ubicación en estantería | Fecha de adquisición | Fuente de adquisición | Total de préstamos | Signatura topográfica completa | Código de barras | Visto por última vez | Precio de reemplazo | Tipo de ítem Koha |
|---|---|---|---|---|---|---|---|---|---|---|---|---|---|---|
| Biblioteca del Ateneo de Madrid | Biblioteca del Ateneo de Madrid | Sala Pecera Planta 1 | 17/01/2008 | A-3781 | 1078655 | 23/02/2023 | 23/02/2023 | Libro impreso |
